| 000 | 00696nam a2200169 a 4500 | ||
|---|---|---|---|
| 001 | 000005588 | ||
| 005 | 20200929151722.0 | ||
| 008 | 090820s1999 dr ac 000 0 spa d | ||
| 020 | _a9993422061 | ||
| 040 |
_aDO-SdBNP _bspa _cBNPHU |
||
| 110 | 1 |
_aRepública Dominicana. _bComisión Presidencial para la Reforma y Modernización del Estado _97089 |
|
| 245 | 1 | 3 |
_aLa asamblea constituyente en América Latina hoy : _bseminario internacional. |
| 260 |
_aSanto Domingo : _bComisión Presidencial para la Reforma y Modernización del Estado, _c1999. |
||
| 300 |
_a74 p. : _bil., retrs. ; _c30 cm. |
||
| 490 | 1 |
_aDebates constitucionales. _aseminarios |
|
| 830 | 0 |
_aDebates constitucionales. _pseminario _915776 |
|
| 999 |
_c5387 _d5387 |
||